书目信息 |
| 题名: |
可靠性分布模型参数的Bayes统计推断研究
|
|
| 作者: | 任海平 著 | |
| 分册: | ||
| 出版信息: | 北京 冶金工业出版社 2020 |
|
| 页数: | 129页 | |
| 开本: | 24cm | |
| 丛书名: | 江西理工大学清江学术文库 | |
| 单 册: | ||
| 中图分类: | O211.67 | |
| 科图分类: | ||
| 主题词: | 贝叶斯估计--研究 | |
| 电子资源: | ||
| ISBN: | 978-7-5024-8346-3 | |
| 000 | 01106nam0 2200229 450 | |
| 001 | 2031716292 | |
| 005 | 20201105084844.80 | |
| 010 | @a978-7-5024-8346-3@dCNY45.00 | |
| 100 | @a20200809d2020 em y0chiy50 ea | |
| 101 | 0 | @achi |
| 102 | @aCN@b110000 | |
| 105 | @ay z 000yy | |
| 200 | 1 | @a可靠性分布模型参数的Bayes统计推断研究@9ke kao xing fen bu mo xing can shu de Bayes tong ji tui duan yan jiu@f任海平著 |
| 210 | @a北京@c冶金工业出版社@d2020 | |
| 215 | @a129页@d24cm | |
| 225 | 1 | @a江西理工大学清江学术文库 |
| 330 | @a本书研究了几类可靠性分布在完全样本、截尾样本、无失效样本以及模糊数据情形下参数的Bayes估计问题。主要内容包括:完全样本情形下的几类可靠性分布(广义Pareto分布、艾拉姆咖分布、比例危险率模型和Laplace分布)模型参数的Bayes估计问题,逆Rayleigh分布参数的经验Bayes双侧检验和一类特殊的单参数指数分布族的经验Bayes估计问题,不完全样本情形下的可靠性分布模型参数的Bayes统计推断问题,以及指数分布模型参数的模糊Bayes估计和Bayes假设检验问题。 | |
| 606 | 0 | @a贝叶斯估计@x研究 |
| 690 | @aO211.67@v5 | |
| 701 | 0 | @a任海平@9ren hai ping@4著 |
| 801 | @c20201010@aCN | |
| 905 | @aZUCC@dO211.67@eR474 | |
| 可靠性分布模型参数的Bayes统计推断研究/任海平著.-北京:冶金工业出版社,2020 |
| 129页;24cm.-(江西理工大学清江学术文库) |
| ISBN 978-7-5024-8346-3:CNY45.00 |
| 本书研究了几类可靠性分布在完全样本、截尾样本、无失效样本以及模糊数据情形下参数的Bayes估计问题。主要内容包括:完全样本情形下的几类可靠性分布(广义Pareto分布、艾拉姆咖分布、比例危险率模型和Laplace分布)模型参数的Bayes估计问题,逆Rayleigh分布参数的经验Bayes双侧检验和一类特殊的单参数指数分布族的经验Bayes估计问题,不完全样本情形下的可靠性分布模型参数的Bayes统计推断问题,以及指数分布模型参数的模糊Bayes估计和Bayes假设检验问题。 |
| ● |
| 相关链接 |
|
|
|
正题名:可靠性分布模型参数的Bayes统计推断研究
索取号:O211.67/R474
 
预约/预借
| 序号 | 登录号 | 条形码 | 馆藏地/架位号 | 状态 | 备注 |
| 1 | 1478309 | 214783091 | 自科库401/401自科库 47排7列5层/ [索取号:O211.67/R474] | 在馆 | |
| 2 | 1478310 | 214783108 | 自科库401/401自科库 47排7列5层/ [索取号:O211.67/R474] | 在馆 |